<?xml version="1.0" encoding="UTF-8"?>
<record
    xmlns:xsi="http://www.w3.org/2001/XMLSchema-instance"
    xsi:schemaLocation="http://www.loc.gov/MARC21/slim http://www.loc.gov/standards/marcxml/schema/MARC21slim.xsd"
    xmlns="http://www.loc.gov/MARC21/slim">

  <leader>00688nam a22002417a 4500</leader>
  <controlfield tag="003">OSt</controlfield>
  <controlfield tag="005">20140626132402.0</controlfield>
  <controlfield tag="008">130716s2013    sp ||||| |||| 00| 0 spa d</controlfield>
  <datafield tag="020" ind1=" " ind2=" ">
    <subfield code="a">9788441532007</subfield>
  </datafield>
  <datafield tag="024" ind1=" " ind2=" ">
    <subfield code="2">DL</subfield>
    <subfield code="a">9788441532007</subfield>
  </datafield>
  <datafield tag="040" ind1=" " ind2=" ">
    <subfield code="c">CPC Lleida</subfield>
  </datafield>
  <datafield tag="100" ind1=" " ind2=" ">
    <subfield code="9">3970</subfield>
    <subfield code="a">Vela Garc&#xED;a, Dolores</subfield>
  </datafield>
  <datafield tag="245" ind1="1" ind2="0">
    <subfield code="a">Social media manager</subfield>
    <subfield code="c">Dolores Vela Garc&#xED;a</subfield>
  </datafield>
  <datafield tag="260" ind1=" " ind2=" ">
    <subfield code="a">Madrid</subfield>
    <subfield code="b">Anaya</subfield>
    <subfield code="c">2013</subfield>
  </datafield>
  <datafield tag="300" ind1=" " ind2=" ">
    <subfield code="a">245 p.</subfield>
    <subfield code="c">22 cm</subfield>
  </datafield>
  <datafield tag="490" ind1=" " ind2=" ">
    <subfield code="a">Anaya Multimedia.</subfield>
    <subfield code="a">Social Business</subfield>
  </datafield>
  <datafield tag="654" ind1=" " ind2=" ">
    <subfield code="9">3396</subfield>
    <subfield code="a">M&#xE0;rqueting</subfield>
  </datafield>
  <datafield tag="654" ind1=" " ind2=" ">
    <subfield code="9">2798</subfield>
    <subfield code="a">Comunicaci&#xF3; en l'empresa</subfield>
  </datafield>
  <datafield tag="654" ind1=" " ind2=" ">
    <subfield code="9">3137</subfield>
    <subfield code="a">Web 2.0</subfield>
  </datafield>
  <datafield tag="654" ind1=" " ind2=" ">
    <subfield code="9">3978</subfield>
    <subfield code="a">Reputaci&#xF3; en l&#xED;nia</subfield>
  </datafield>
  <datafield tag="654" ind1=" " ind2=" ">
    <subfield code="9">4121</subfield>
    <subfield code="a">Social Media Management</subfield>
  </datafield>
  <datafield tag="942" ind1=" " ind2=" ">
    <subfield code="2">udc</subfield>
    <subfield code="c">MON</subfield>
  </datafield>
  <datafield tag="999" ind1=" " ind2=" ">
    <subfield code="c">6645</subfield>
    <subfield code="d">6645</subfield>
  </datafield>
  <datafield tag="952" ind1=" " ind2=" ">
    <subfield code="0">0</subfield>
    <subfield code="1">0</subfield>
    <subfield code="4">0</subfield>
    <subfield code="7">0</subfield>
    <subfield code="a">LLEIDA</subfield>
    <subfield code="b">LLEIDA</subfield>
    <subfield code="d">2013-07-16</subfield>
    <subfield code="e">Donaci&#xF3;</subfield>
    <subfield code="l">1</subfield>
    <subfield code="m">1</subfield>
    <subfield code="o">746INT</subfield>
    <subfield code="p">LLEIDA13076800</subfield>
    <subfield code="r">2014-09-25</subfield>
    <subfield code="s">2014-07-24</subfield>
    <subfield code="w">2013-07-16</subfield>
    <subfield code="y">MON</subfield>
  </datafield>
  <datafield tag="952" ind1=" " ind2=" ">
    <subfield code="0">0</subfield>
    <subfield code="1">0</subfield>
    <subfield code="4">0</subfield>
    <subfield code="7">0</subfield>
    <subfield code="a">CDMR</subfield>
    <subfield code="b">CDMR</subfield>
    <subfield code="d">2013-10-17</subfield>
    <subfield code="e">Intercanvi</subfield>
    <subfield code="l">22</subfield>
    <subfield code="m">14</subfield>
    <subfield code="o">Cm 3/29</subfield>
    <subfield code="p">CDMR13108547</subfield>
    <subfield code="r">2019-06-11</subfield>
    <subfield code="s">2019-04-26</subfield>
    <subfield code="w">2013-10-17</subfield>
    <subfield code="y">MON</subfield>
  </datafield>
</record>
